000 00545nam a2200217Ia 4500
003 OSt
005 20220928142352.0
006 a|||||r|||| 00| 0
007 ta
008 220927b |||||||| |||| 00| 0 eng d
024 _a19327
037 _cTextual
040 _aSDCL
_cSDCL
_beng
041 _2eng
_aeng
082 _aP152v, M5
100 _aAustin Josh
_9503370
245 0 _aHindi ke vikas mein videshi vidvanon ka yogdan.
260 _c1985
942 _hP152v, M5
_cTEXL
_2CC
999 _c821527
_d821527